000 01243cam a2200337 i 4500
001 71152
003 Mx-PuUPA
005 20250611144551.0
008 241030s2019 uk ad fr 00| 0 eng d
020 _a129225291X
020 _a9781292252919
040 _aMx-PuUPA
_bspa
_cMx-PuUPA
_dMx-PuUPA
_erda
041 0 _aeng
100 1 _aAcemoglu, Daron,
_eautor
_98561
245 1 0 _aMacroeconomics /
_cDaron Acemoglu, David Laibson, John A. List
250 _aSecond edition /
_bGlobal edition
264 1 _aHarlow, England :
_bPearson,
_c2019
300 _a446 páginas :
_bilustraciones, gráficas, tablas (en color) ;
_c28 cm
336 _2rdacontent
_atexto
_btxt
337 _2rdamedia
_asin medio
_bn
338 _2rdacarrier
_avolumen
_bnc
650 7 _2armarc
_aMacroeconomía
650 7 _2armarc
_aMacroeconomía
_vLibros de texto
700 1 _aLaibson, David,
_eautor
700 1 _aList, John A.,
_eautor
775 0 _iAdaptación de:
_aAcemoglu, Daron, 1967
_bSecond edition
_tMacroeconomics
_z0134492056
_z9780134492056
_w(Mx-PuUPA)68087
942 _2ddc
_cLI
_h339
_iA73
999 _c71152
_d71152